| 000 | 00453nam a2200157Ia 4500 | ||
|---|---|---|---|
| 008 | 210716s1996 xx 000 0 und d | ||
| 020 | _a0256159769 | ||
| 041 | _aeng | ||
| 082 | _a658.802 HAYH | ||
| 100 | _aHayes, H Michael;Jenster, Per V;Aaby, Nils-Erik Aaby. | ||
| 245 |
_aBusiness marketing : a Global perspective. _bGlobal perspective. |
||
| 250 | _a1 | ||
| 260 |
_aNew York _bMcGraw Hill _c1996 |
||
| 300 | _axix,342,I-12 | ||
| 650 | _aMarketing | ||
| 999 |
_c203021 _d203021 |
||